| 000 | 00592nam a2200241Ia 4500 | ||
|---|---|---|---|
| 003 | OSt | ||
| 005 | 20140312095147.0 | ||
| 008 | 140130s9999 xx 000 0 und d | ||
| 020 | _a0590516612 | ||
| 050 |
_aPZ 8.3 _b.R667On 1998 |
||
| 100 | _aRoot, Phyllis. | ||
| 245 |
_cPhyllis Root. _aOne duck stuck / |
||
| 260 |
_bScholastic Inc., _c1998. _aUSA : |
||
| 300 |
_a30 p. : _bcol. ill. ; _c30 cm. |
||
| 440 | _v1 | ||
| 521 | _aG1 | ||
| 526 | _c210 | ||
| 650 |
_aDucks _xFiction. |
||
| 650 |
_aMarsh animals _xFiction. |
||
| 650 | _aCounting. | ||
| 942 |
_cBK _2lcc |
||
| 999 |
_c39968 _d39968 |
||